CIS 110: Introduction to computers. / (Record no. 8821)
[ view plain ]
| 000 -LEADER | |
|---|---|
| fixed length control field | 01845nam a22002537a 4500 |
| 003 - CONTROL NUMBER IDENTIFIER | |
| control field | OSt |
| 005 - DATE AND TIME OF LATEST TRANSACTION | |
| control field | 20220228151451.0 |
| 008 - FIXED-LENGTH DATA ELEMENTS--GENERAL INFORMATION | |
| fixed length control field | 120711t xxu||||| |||| 00| 0 eng d |
| 020 ## - INTERNATIONAL STANDARD BOOK NUMBER | |
| International Standard Book Number | 9781305023307 |
| 020 ## - INTERNATIONAL STANDARD BOOK NUMBER | |
| International Standard Book Number | 1305023307 |
| 040 ## - CATALOGING SOURCE | |
| Transcribing agency | LC |
| 050 ## - LIBRARY OF CONGRESS CALL NUMBER | |
| Classification number | QA76.5.V52 |
| 100 ## - MAIN ENTRY--PERSONAL NAME | |
| Fuller form of name | Vermaat, Misty E. |
| 245 ## - TITLE STATEMENT | |
| Title | CIS 110: Introduction to computers. / |
| Statement of responsibility, etc. | Misty E. Vermaat, Susan L. Sebok & Steven M. Freund. |
| 260 ## - PUBLICATION, DISTRIBUTION, ETC. | |
| Place of publication, distribution, etc. | Mason, OH: |
| Name of publisher, distributor, etc. | McGraw Hill, |
| Date of publication, distribution, etc. | 2014. |
| 300 ## - PHYSICAL DESCRIPTION | |
| Extent | xix, 462 p.[+ various paging]: |
| Other physical details | ill.; |
| Dimensions | 26cm. |
| 500 ## - GENERAL NOTE | |
| General note | Includes index. |
| 505 ## - FORMATTED CONTENTS NOTE | |
| Formatted contents note | Contents: Digital literacy : introducing a world of technology -- The internet: accessing, searching sharing and communicating -- Computers and mobile devices: using software at work, school and home -- Digital safety and security: identifying threats, issues and defenses -- Inside computers and mobile devices: exploring the components -- Input and output: examining popular devices -- Communications and networks: sending and receiving digital content -- Microsoft word 2013: Creating, formatting and editing a word document with a picture -- Creating a research paper with references and sources -- Creating a business letter with a letterhead and table -- Microsoft PowerPoint 2013: Creating and editing a presentation with pictures -- Enhancing a presentation with pictures, shapes and wordart -- Reusing a presentation and adding media and animation -- Microsoft excel 2013: Creating a worksheet and a chart -- Formulas, functions and formatting -- Working with large worksheets, charting and what-if analysis -- Microsoft Access 2013: Databases and database objects: an introduction -- Querying a database -- |
| 650 ## - SUBJECT ADDED ENTRY--TOPICAL TERM | |
| Form subdivision | Computers |
| 700 ## - ADDED ENTRY--PERSONAL NAME | |
| Fuller form of name | Sebok, Susan L. |
| 700 ## - ADDED ENTRY--PERSONAL NAME | |
| Fuller form of name | Freund, Steven M. |
| 710 ## - ADDED ENTRY--CORPORATE NAME | |
| Relator term | Fayetteville Technical Community College |
| 942 ## - ADDED ENTRY ELEMENTS (KOHA) | |
| Source of classification or shelving scheme | Library of Congress Classification |
| Koha item type | Books |
| Withdrawn status | Lost status | Source of classification or shelving scheme | Damaged status | Not for loan | Home library | Current library | Shelving location | Date acquired | Source of acquisition | Total Checkouts | Full call number | Barcode | Date last seen | Copy number | Price effective from | Koha item type |
|---|---|---|---|---|---|---|---|---|---|---|---|---|---|---|---|---|
| Library of Congress Classification | WISCONSIN INTERNATIONAL UNIVERSITY COLLEGE, GHANA KUMASI LIBRARY | WISCONSIN INTERNATIONAL UNIVERSITY COLLEGE, GHANA KUMASI LIBRARY | General Stacks | 14/11/2019 | WIUC | QA76.5.V52 | K/2270/2270/19 | 28/02/2022 | 1 | 28/02/2022 | Books | |||||
| Library of Congress Classification | WISCONSIN INTERNATIONAL UNIVERSITY COLLEGE, GHANA KUMASI LIBRARY | WISCONSIN INTERNATIONAL UNIVERSITY COLLEGE, GHANA KUMASI LIBRARY | General Stacks | 14/11/2019 | WIUC | QA76.5.V521 | K/2271/2271/19 | 28/02/2022 | 2 | 28/02/2022 | Books | |||||
| Library of Congress Classification | WISCONSIN INTERNATIONAL UNIVERSITY COLLEGE, GHANA KUMASI LIBRARY | WISCONSIN INTERNATIONAL UNIVERSITY COLLEGE, GHANA KUMASI LIBRARY | General Stacks | 14/11/2019 | WIUC | QA76.5.V522 | K/2272/2272/19 | 28/02/2022 | 3 | 28/02/2022 | Books | |||||
| Library of Congress Classification | WISCONSIN INTERNATIONAL UNIVERSITY COLLEGE, GHANA KUMASI LIBRARY | WISCONSIN INTERNATIONAL UNIVERSITY COLLEGE, GHANA KUMASI LIBRARY | General Stacks | 15/11/2019 | WIUC | QA76.5.V523 | K/2374/2374/19 | 28/02/2022 | 4 | 28/02/2022 | Books | |||||
| Library of Congress Classification | WISCONSIN INTERNATIONAL UNIVERSITY COLLEGE, GHANA KUMASI LIBRARY | WISCONSIN INTERNATIONAL UNIVERSITY COLLEGE, GHANA KUMASI LIBRARY | General Stacks | 15/11/2019 | WIUC | QA76.5.V524 | K/2375/2375/19 | 28/02/2022 | 5 | 28/02/2022 | Books |
